Who Played Bond? - Statistics

General Stats
  • This quiz has been taken 32 times
  • The average score is 5 of 6
Answer Stats
Hint Answer % Correct
Live and Let Die, The Man with the Golden Gun, The Spy Who Loved Me, Moonraker, For Your Eyes Only, Octopussy, A View to a Kill Roger Moore
95%
Casino Royale, Quantum of Solace, Skyfall, Spectre, No Time to Die Daniel Craig
91%
Dr. No, From Russia with Love, Goldfinger, Thunderball, You Only Live Twice, Diamonds Are Forever Sean Connery
91%
The Living Daylights, Licence to Kill Timothy Dalton
91%
On Her Majesty's Secret Service George Lazenby
86%
GoldenEye, Tomorrow Never Dies, The World Is Not Enough, Die Another Day Pierce Brosnan
86%
No matching quizzes found
Score Distribution
Percent of People with Each Score
Percentile by Number Answered
Your Score History
You have not taken this quiz